Responses for show #4642 - Tuesday, November 9, 2004

Ken Jennings game 70.

Contestants

[<< previous game]

Dave Oosterhuis, a graduate student from Minneapolis, Minnesota

Jeff Hoppes, a graduate student from El Cerrito, California

Ken Jennings, a software engineer from Salt Lake City, Utah (whose 69-day cash winnings total $2,325,001)

[next game >>]

Jeopardy! Round responses

REMEMBER 1995?
(Alex: I do!)
FIRST NAME'S THE SAME
ORGANIZATIONS
ART SCHOOL
EITHER/OR
TO PHRASE A COIN
(Alex: Not TO COIN A PHRASE.)
    $200 6
Russian

Ken
    $200 1
Katie

Ken
    $200 22
packs

Ken
    $200 16
a knife

Ken
    $200 30
(Alex: And for the first time in I-don't-know-how-many months, Ken will select first in the Double Jeopardy! Round!)

Paper or plastic?

Dave
    $200 11
(Ken: What is screech to a halt?)

stop on a dime

KenDave
    $400 7
Nancy Sinatra

Ken
    $400 2
Linda

Dave
    $400 29
the American Red Cross

Ken
    $400 17
a potter's wheel

Ken
    $400 28
(Ken: What is To kick or to receive?)
...
(Alex: The coin toss precedes that, yes.)

Heads or tails?

KenJeff
    $400 12
wooden nickels

Jeff
    $600 8
Port-au-Prince

Ken
    $600 3
Dan

Dave
    $600 21
the Elks

Dave
    $600 18
dots

Jeff
    $600 27
(Ken: What is regular or crispy?)
(Jeff: What is regular or extra crispy?)

Original Recipe or Extra Crispy?

KenJeffDave
    $600 13
two cents

Dave
    $800 9
the Citadel

Ken
    $800 4
Deborah

Dave
    $800 23
Travelers Aid

Triple Stumper
    $800 19
copper

Jeff
    $3,000 25
Your money or your life?

Jeff
    $800 14
two bits

Dave
    $1000 10
Maria Callas

Dave
    $1000 5
Samuel

Ken
    $1000 24
World Meteorological Organization

Jeff
    $1000 20
casting

Jeff
    $1000 26
"The Lady, or the Tiger?"

Jeff
    $1000 15
penny wise and pound foolish

Jeff

Scores at the first commercial break (after clue 15):

Ken Jeff Dave
$3,000 $1,400 $4,400

Scores at the end of the Jeopardy! Round:

Ken Jeff Dave
$3,200 $8,600 $5,800

Double Jeopardy! Round responses

NOVELTY SONGS
HELLO MOTHER
HELLO FODDER
HERE I AM AT...
"CAMP"
GRANADA
    $400 1
(Ken: Who is Bobby Sherman?)

Allan Sherman

Ken
Triple Stumper
    $400 16
invention

Ken
    $400 26
rye

Ken
    $400 11
the Sierra Nevada

Jeff
    $400 6
Camp David

Dave
    $400 21
the Mediterranean

Ken
    $800 2
an itsy bitsy teenie weenie yellow polka dot bikini

Ken
    $800 17
Mommie Dearest

Ken
    $800 27
oats

Jeff
    $800 12
(Alex: Big Sky Country.)

Montana

Ken
    $800 7
"Camptown Races"

Ken
    $800 22
the Moors

Dave
    $1200 3
King Tut

Ken
    $1200 18
Job

Dave
    $1200 28
pods

Ken
    $1200 13
the Las Vegas Strip

Ken
    $1200 8
campanile

Ken
    $1200 23
Segovia

Ken
    $4,000 4
"Yes! We Have No Bananas"

Ken
    $1600 19
Musée d'Orsay

Dave
    $1600 29
hay

Triple Stumper
    $1600 14
the Yucatan

Ken
    $1600 9
(Jane) Campion

Jeff
    $1600 24
the Alhambra

Dave
    $2000 5
the witch doctor

Ken
    $2000 20
(Ralph Waldo) Emerson

Ken
    $2000 30
the soybean

Ken
    $2000 15
(the University of) Chicago

Ken
    $2000 10
Joseph Campbell

Dave
    $10,000 25
(Dave: What is Castile?)

Andalusia

Dave

Scores at the end of the Double Jeopardy! Round:

Ken Jeff Dave
$26,800 $11,400 $3,400
(lock game)

[wagering suggestions for these scores]

Final Jeopardy! Round responses

THEATRICAL PREMIERES
(Alex: Playboy of the Western World by Synge.)
DaveWhat is Dublin?
$3,400
JeffWhat is Dublin?
$11,400
KenWhat is Dublin?
$3,200
Dublin

Final scores:

Ken Jeff Dave
$30,000 $22,800 $6,800
70-day champion: $2,355,001 2nd place: $2,000 3rd place: $1,000

Game dynamics:

Coryat scores:

Ken Jeff Dave
$24,400 $9,200 $13,400
28 R
(including 1 DD),
4 W
12 R
(including 1 DD),
1 W
16 R,
1 W
(including 1 DD)

Combined Coryat: $47,000

The J! Archive is created by fans, for fans. The Jeopardy! game show and all elements thereof, including but not limited to copyright and trademark thereto, are the property of Jeopardy Productions, Inc. and are protected under law. This website is not affiliated with, sponsored by, or operated by Jeopardy Productions, Inc. Join the discussion at JBoard.tv.